LIBRARY & INFORMATION CENTRE, KCAET, TAVANUR

ONLINE PUBLIC ACCESS CATALOGUE (OPAC)

Food Biotechnology (Record no. 15652)

MARC details
000 -LEADER
fixed length control field 00472nam a22001697a 4500
003 - CONTROL NUMBER IDENTIFIER
control field OSt
008 - FIXED-LENGTH DATA ELEMENTS--GENERAL INFORMATION
fixed length control field 190523b ||||| |||| 00| 0 eng d
020 ## - INTERNATIONAL STANDARD BOOK NUMBER
ISBN 9789351072416
082 ## - DEWEY DECIMAL CLASSIFICATION NUMBER
Classification number 660.6 BIE/FO
245 ## - TITLE STATEMENT
Title Food Biotechnology
260 ## - PUBLICATION, DISTRIBUTION, ETC. (IMPRINT)
Place of publication New Delhi
Name of publisher Elsevier, a division of Reed Elsevier India Private Limited
Year of publication 2014
300 ## - PHYSICAL DESCRIPTION
Number of Pages 430 p.
700 ## - ADDED ENTRY--PERSONAL NAME
Personal name Bielecki, Stanislaw.
700 ## - ADDED ENTRY--PERSONAL NAME
Personal name Tramper,Johannes.
700 ## - ADDED ENTRY--PERSONAL NAME
Personal name Polak, Jacek.
942 ## - ADDED ENTRY ELEMENTS (KOHA)
Koha item type Books
Holdings
Withdrawn status Lost status Damaged status Collection code Home library Current library Shelving location Date acquired Full call number Accession Number Koha item type
      Non-fiction KAUAET KAUAET General Stacks 23/05/2019 660.6 BIE/FO 25858 Books
free website counter